LDR 01079naa#a2200181#i#450# 001 RU\\bibl\121458 005 20260429050636.3 011 ## _a1994-4683 100 ## _a20230531b2023####ek#y0rusy0150####ca 102 ## _aRU 200 1# _aАНАЛИЗ ВЗАИМОСВЯЗЕЙ МЕЖДУ ПОКАЗАТЕЛЯМИ РЕЗУЛЬТАТИВНОСТИ ТАКТИЧЕСКИХ ДЕЙСТВИЙ В СТРЕМИТЕЛЬНОМ НАПАДЕНИИ И УРОВНЕМ РАЗВИТИЯ СПЕЦИАЛИЗИРОВАННЫХ ВОСПРИЯТИЙ У КВАЛИФИЦИРОВАННЫХ ГАНДБОЛИСТОВ _eЖурнальная статья 210 1# _aМосква _cНациональный государственный Университет физической культуры, спорта и здоровья им. П.Ф. Лесгафта _d2023 215 ## _a3 с. 608 ## _aЖурнальная статья _2local 675 ## _aГандбол на большой площадке. 796.322.2 _z 700 #1 _aСвинин _gА И 700 #1 _aЮламанова _gГ М 856 4# _auchzapiski.lesgaft.spb.ru _u